Circle of gold / (Record no. 1033)

MARC details
000 -LEADER
fixed length control field 00949cam a2200289 a 4500
005 - DATE AND TIME OF LATEST TRANSACTION
control field 20250422161819.0
020 ## - INTERNATIONAL STANDARD BOOK NUMBER
International Standard Book Number 0590324640 (pbk.) :
Terms of availability $1.95
020 ## - INTERNATIONAL STANDARD BOOK NUMBER
International Standard Book Number 9780590432665
040 ## - CATALOGING SOURCE
Original cataloging agency DLC
Transcribing agency DLC
Modifying agency DLC
Language of cataloging eng
050 00 - LIBRARY OF CONGRESS CALL NUMBER
Classification number PZ7.B69157
Item number Ci 1984
082 00 - DEWEY DECIMAL CLASSIFICATION NUMBER
Classification number 813.54
Edition number 19
100 1# - MAIN ENTRY--PERSONAL NAME
Personal name Boyd, Candy Dawson
245 10 - TITLE STATEMENT
Title Circle of gold /
Statement of responsibility, etc. Candy Dawson Boyd.
260 ## - PUBLICATION, DISTRIBUTION, ETC.
Place of publication, distribution, etc. New York :
Name of publisher, distributor, etc. Scholastic,
Date of publication, distribution, etc. 1984
300 ## - PHYSICAL DESCRIPTION
Extent 134 pages :
Dimensions 20 cm.
500 ## - GENERAL NOTE
General note "An Apple paperback."
505 ## - FORMATTED CONTENTS NOTE
Formatted contents note O <br/>
520 ## - SUMMARY, ETC.
Summary, etc. Ten-year-old Mattie copes with the loss of her father and her mixed feelings towards her mother who is under pressure to support the family.
521 ## - TARGET AUDIENCE NOTE
Target audience note 610 <br/>
Source Lexile <br/>
521 ## - TARGET AUDIENCE NOTE
Target audience note O <br/>
Source Raz-Plus <br/>
650 #1 - SUBJECT ADDED ENTRY--TOPICAL TERM
Topical term or geographic name entry element Mothers and daughters
Form subdivision Fiction.
650 #1 - SUBJECT ADDED ENTRY--TOPICAL TERM
Topical term or geographic name entry element Single-parent families
Form subdivision Fiction.
650 #1 - SUBJECT ADDED ENTRY--TOPICAL TERM
Topical term or geographic name entry element African Americans
Form subdivision Fiction.
906 ## - LOCAL DATA ELEMENT F, LDF (RLIN)
a 7
b cbc
c orignew
d 2
e ncip
f 19
g y-gencatlg
942 ## - ADDED ENTRY ELEMENTS (KOHA)
Source of classification or shelving scheme Dewey Decimal Classification
Koha item type Books
Suppress in OPAC No
999 ## -
-- 1033
-- 1033
Holdings
Withdrawn status Lost status Source of classification or shelving scheme Damaged status Not for loan Collection Home library Current library Shelving location Date acquired Total Checkouts Full call number Barcode Date last seen Date last checked out Copy number Price effective from Koha item type
    Dewey Decimal Classification     Fiction Footprints International School Library Network Toul Kork Campus Footprints International School Library Network Toul Kork Campus TK Primary Library Room(4th Floor), Bookcase 3&4, Shelves 17-32, Yellow Books 09/06/2024   BOY 813.54 PZ7.B69157 FISTK05359 09/06/2024   2 09/06/2024 Books
    Dewey Decimal Classification     Fiction Footprints International School Library Network Toul Kork Campus Footprints International School Library Network Toul Kork Campus TK Primary Library Room(4th Floor), Bookcase 3&4, Shelves 17-32, Yellow Books 04/22/2025 1 BOY 813.54 PZ7.B69157 FISTK04898 12/19/2025 08/29/2025 3 04/22/2025 Books
    Dewey Decimal Classification     Juvenile Fiction Footprints International School Library Network Toul Tom Poung Campus Footprints International School Library Network Toul Tom Poung Campus TTP Primary Yellow Bookshelves 07/19/2023 3 BOY 813.54 PZ7.B69157 FISSE00155 03/21/2024 03/04/2024 1 07/19/2023 Books